Reasonableness of settlements revisited (Record no. 75357)

MARC details
000 -LEADER
fixed length control field 01359cab a2200253 4500
001 - CONTROL NUMBER
control field L129938
008 - FIXED-LENGTH DATA ELEMENTS--GENERAL INFORMATION
fixed length control field 050607n2005 000 0 eng u
035 ## - SYSTEM CONTROL NUMBER
System control number (Sirsi) u129938
041 ## - LANGUAGE CODE
Language code of text/sound track or separate title eng
100 ## - MAIN ENTRY--PERSONAL NAME
Personal name Cohen, Lewis
245 ## - TITLE STATEMENT
Title Reasonableness of settlements revisited
260 ## - PUBLICATION, DISTRIBUTION, ETC.
Date of publication, distribution, etc. 2005
490 ## - SERIES STATEMENT
Series statement Construction Law Journal
Volume/sequential designation 21(3) 2005, 216-221(6)
520 ## - SUMMARY, ETC.
Summary, etc. Discusses, with reference to the two linked cases of "Bovis Lend Lease Ltd v RD Fire Protection Ltd and Huthco Ltd and another v Bovis Lend Lease Ltd" ([2003] EWHC 939 (TCC), unreported) the problems that can occur when several parties in construction projects find themselves subject to a claim. In this complex situation it is often not possible to resolve all disputes with all parties simultaneously. The parties may reach a wrap up deal without necessarily referring to the precise allocation within a settlement.
590 ## - LOCAL NOTE (RLIN)
Local note IKA210605
650 ## - SUBJECT ADDED ENTRY--TOPICAL TERM
Topical term or geographic name entry element BOVIS LEND LEASE LTD V RD FIRE PROTECTION LTD AND HUTHCO LTD AND ANOTHER V BOVIS LEND LEASE LTD
650 ## - SUBJECT ADDED ENTRY--TOPICAL TERM
Topical term or geographic name entry element CIVIL PROCEDURE RULES PART 20
650 ## - SUBJECT ADDED ENTRY--TOPICAL TERM
Topical term or geographic name entry element COMYN CHING V ORIENTAL TUBE
650 ## - SUBJECT ADDED ENTRY--TOPICAL TERM
Topical term or geographic name entry element BIGGIN V PERMANITE
650 ## - SUBJECT ADDED ENTRY--TOPICAL TERM
Topical term or geographic name entry element ROYAL BROMPTON HOSPITAL NHS TRUST V HAMMOND AND OTHERS
650 ## - SUBJECT ADDED ENTRY--TOPICAL TERM
Topical term or geographic name entry element TOWNSEND AND ANOTHER V STONE TOMS AND PARTNERS
690 ## - LOCAL SUBJECT ADDED ENTRY--TOPICAL TERM (OCLC, RLIN)
Topical term or geographic name as entry element BUILT ENVIRONMENT-CONSTRUCTION MANAGEMENT
942 ## - ADDED ENTRY ELEMENTS (KOHA)
Suppress in OPAC 0
Holdings
Withdrawn status Lost status Source of classification or shelving scheme Damaged status Not for loan Home library Current library Shelving location Date acquired Total Checkouts Full call number Barcode Date last seen Copy number Price effective from Koha item type
    Dewey Decimal Classification     London London Journal article 07/06/2005   L129938 129938-1001 06/08/2019 1 06/08/2019 Journal article